A Berzétei (Kőrös, Rudna, Jólész És Rozsnyóvl) Egyesült Ev. Ref. Egyház Története : Írta Batta György Moni-i Ev. Ref. Lelkész S Egyházmegyei Tanügyi Elnök.

Podrobná bibliografia
Hlavný autor: Batta, György 1847-1913 (Dedicator)
Korporatívny autor: Kováč, Michal (Printer)
Ďalší autori: Mariáši, Barnabáš 1860-1942 (Dedicatee)
Médium: Kniha
Jazyk:Hungarian
Vydané: Rozsnyó : Kovács Mihály Könyvnyomdája, 1891
Témy:
Signatúra: I.36630
LEADER 01686nam a2200433 a 4500
001 000000759
005 20151120101634.0
008 000908s1891 xo e hun
FMT
040 |a SVKKK  |b slo  |c SVKKK  |e AACR2 
041 0 |a hun 
044 |a xo  |c SK 
080 |a 284.1 
080 |a (091) 
080 |a (439.2) 
100 1 |a Batta, György  |d 1847-1913  |4 aut 
245 1 2 |a A Berzétei (Kőrös, Rudna, Jólész És Rozsnyóvl) Egyesült Ev. Ref. Egyház Története :  |b Írta Batta György Moni-i Ev. Ref. Lelkész S Egyházmegyei Tanügyi Elnök. 
260 |a Rozsnyó :  |b Kovács Mihály Könyvnyomdája,  |c 1891 
300 |a 182 s. [1]/7,2/8-11/8,12/3 [=90] list. zach.  |c 8°. 18x12 cm 
500 |a Vlysy ornam.-fig., linky ozdobné, typograf. ozdoby, tlač. pozn. pod čiarou v jaz. maď. 
500 |a Defekt - chýbajú s. 13,14 a koniec s genealogickými tabuľkami rodu Máriássy 
508 |a Na zl. [1]/2 ded. autora hlav. kurátorovi brzotínskej ref. cirkvi B. Máriássymu. Na zl. [1]/3 úvod autora v závere s textom "Irtam G.-Simoni, 1891. május 1." 
510 4 |a OSZK. 
561 |a Peč.: Štátna vedecká knižnica v Košiciach. 
563 |a Bez väzby. 
653 1 |a reformovaná cirkev 
653 2 |a Brzotín 
653 2 |a dejiny 
700 1 |a Batta, György  |d 1847-1913  |4 dto 
700 1 |a Mariáši, Barnabáš  |d 1860-1942  |4 dte 
710 0 |a Kováč, Michal  |c Rožňava  |d 1864-1909  |4 prt 
752 |a Slovensko  |d Rožňava 
852 |p I.36630 
904 |a f---y----ga------yyda-0001-- 
905 |a z--z0fde  |5 ------- 
910 |a svkkk 
997 |a Máriássy, Barna p. Mariáši, Barnabáš  |4 dte 
998 |a MALETL 
BAS